Problems of pensioners socio-economic policy and administration (Record no. 500876)

000 -LEADER
fixed length control field 00478cam a22001457a 4500
008 - FIXED-LENGTH DATA ELEMENTS--GENERAL INFORMATION
fixed length control field 180718b xxu||||| |||| 00| 0 eng d
082 ## - DEWEY DECIMAL CLASSIFICATION NUMBER
Classification number Q48044 J181
100 ## - MAIN ENTRY--PERSONAL NAME
Personal name Jaggannadham, V.
245 ## - TITLE STATEMENT
Title Problems of pensioners socio-economic policy and administration
Statement of responsibility, etc. by V. Jaggannadham and C.M. Palvia
260 ## - PUBLICATION, DISTRIBUTION, ETC.
Place of publication, distribution, etc. New delhi
Name of publisher, distributor, etc. Indian Institute of Public Administration
Date of publication, distribution, etc.
300 ## - PHYSICAL DESCRIPTION
Extent 283p.
650 ## - SUBJECT ADDED ENTRY--TOPICAL TERM
Topical term or geographic name entry element Socio-economic policy
650 ## - SUBJECT ADDED ENTRY--TOPICAL TERM
Topical term or geographic name entry element Problems-Pensioners
700 ## - ADDED ENTRY--PERSONAL NAME
Personal name Palvia, C.M.
Holdings
Withdrawn status Lost status Damaged status Not for loan Permanent Location Current Location Date acquired Full call number Barcode Date last seen Price effective from Koha item type
        Indian Institute of Public Administration Indian Institute of Public Administration 2018-08-04 Q48044 J181 GR11057 2018-08-04 2018-08-04 GR
        Indian Institute of Public Administration Indian Institute of Public Administration 2018-08-04 Q48044 J181 GR9942 2018-08-04 2018-08-04 GR
        Indian Institute of Public Administration Indian Institute of Public Administration 2018-08-04 Q48044 J181 GR9941 2018-08-04 2018-08-04 GR

Powered by Koha